000 00510nam a22001817a 4500
005 20251108172534.0
008 250721s9999 xx 000 0 ara d
082 1 4 _a214.6/راو
100 1 _aراوي، محمد
245 1 0 _aالرضا حقيقته ودلالته /
264 1 _aالقاهرة :
_bدار أخبار اليوم،
300 _a107 ص
650 1 7 _aالإيمان
650 1 7 _aالقضاء والقدر
650 1 7 _aالإيمان بالله
942 _2ddc
_cBK
999 _c81940
_d81940